Normal view
MARC view
- Frequency response (Electrical engineering)
Entry Topical Term
001 - CONTROL NUMBER
- control field: 90129
003 - CONTROL NUMBER IDENTIFIER
- control field: NUST
005 - DATE AND TIME OF LATEST TRANSACTION
- control field: 20220301162827.0
008 - FIXED-LENGTH DATA ELEMENTS
- fixed length control field: 220301|| aca||aabn | a|a d
040 ## - CATALOGING SOURCE
- Original cataloging agency: NUST
- Transcribing agency: NUST
150 ## - HEADING--TOPICAL TERM
- Topical term or geographic name entry element: Frequency response (Electrical engineering)
670 ## - SOURCE DATA FOUND
- Source citation: Work cat.: (NUST)588311: Bonaguide, Gregory, author. 90128, The VNA applications handbook /, 2019.
